NBA All-Stars by Country - Statistics

General Stats
  • This quiz has been taken 631 times
    267 since last reset
  • The average score is 23 of 44
Answer Stats
Country All Stars Player % Correct
Serbia 8* Nikola Jokić
94%
Greece 10* Giannis Antetokounmpo
93%
Slovenia 6* Luka Dončić
92%
Argentina 2 Manu Ginóbili
92%
Germany 14 Dirk Nowitzki
91%
France 2* Victor Wembanyama
91%
China 8 Yao Ming
91%
Canada 4* Shai Gilgeous-Alexander
89%
Cameroon 7 Joel Embiid
86%
France 6 Tony Parker
85%
Spain 6 Pau Gasol
83%
Spain 3 Marc Gasol
82%
Nigeria 12 Hakeem Olajuwon
79%
Canada 8 Steve Nash
70%
Israel 1* Deni Avdija
68%
Turkey 2* Alperen Sengun
63%
Latvia 1 Kristaps Porziņģis
63%
Finland 1 Lauri Markkanen
62%
DR Congo 8 Dikembe Mutombo
61%
Dominican Republic 6* Karl-Anthony Towns
59%
Lithuania 3 Domantas Sabonis
57%
France 3 Rudy Gobert
54%
Cameroon 4* Pascal Siakam
52%
Australia 3 Ben Simmons
48%
Russia 1 Andrei Kirilenko
45%
Canada 1* Jamal Murray
45%
Montenegro 2 Nikola Vučević
45%
Dominican Republic 5 Al Horford
39%
Slovenia 1 Goran Dragić
39%
Jamaica 11 Patrick Ewing
39%
Serbia 3 Predrag Stojaković
37%
United Kingdom 2 Luol Deng
35%
Germany 3 Detlef Schrempf
34%
Netherlands 1 Rik Smits
31%
Serbia 1 Vlade Divac
30%
Canada 1 Andrew Wiggins
29%
Turkey 1 Mehmet Okur
20%
Lithuania 2 Žydrūnas Ilgauskas
17%
France 2 Joakim Noah
16%
Germany 1 Chris Kaman
7%
Canada 1 Jamaal Magloire
5%
Jamaica 2 Roy Hibbert
3%
Netherlands 2 Swen Nater
1%
United Kingdom 1 James Donaldson
0%
No matching quizzes found
Score Distribution
Percent of People with Each Score
Percentile by Number Answered
Your Score History
You have not taken this quiz since the last reset